00648nam a22001571cc4500001001800000035001500018008004100033020001800074245013200092264002600224300003800250246015100288773002300439040001600462003001200478a987677397+Kniga2 aa987677397170707s2015 gw a||| 000u rus d a978597101453900aPutešestvie iz Peterburga v MoskvunKniga 2pPutešestvie iz Peterburga v Moskvu v XXI veke : po itogam ekspedicii 2013 goda aMoskva :bURSS,c2015 a352 S.: graph. Dasrst., Ill., Kt.12aPutešestvie iz Peterburga v Moskvu : 222 goda spustja. Putešestvie iz Peterburga v Moskvu v XXI veke : po itogam ekspedicii 2013 godanKniga 208wa987677397qKniga2 cRU-10907106RU-10907106